Zmiešané fondy ako súčasť kolektívneho investovania bakalárska práca

Uložené v:
Podrobná bibliografia
Hlavný autor: Hegedüš, Peter
Korporativný autor: Národohospodárska fakulta EU. Katedra bankovníctva a medzinárodných financií
Ďalší autori: Gernát, Peter
Médium: Kniha
Jazyk:Slovak
Vydavateľské údaje: Bratislava 2018
Tagy: Pridať tag
Žiadne tagy, Buďte prvý, kto otaguje tento záznam!

MARC

LEADER 00000nbm a2200000 4500
001 0245871
005 20181213112222.3
041 0 |a slo 
044 |a SK 
245 1 0 |a Zmiešané fondy ako súčasť kolektívneho investovania  |b bakalárska práca  |c Peter Hegedüš ; školiteľ: Peter Gernát 
264 1 |a Bratislava  |c 2018 
300 |a 40 s. 
100 1 |a Hegedüš, Peter 
700 1 |a Gernát, Peter 
710 2 |a Národohospodárska fakulta EU. Katedra bankovníctva a medzinárodných financií